Litva

Stručný prehľad geograficko-hospodárskych údajov o Litve. Priebeh vstupných rozhovorov s Európskou úniou. Priority Litvy pred členstvom v Európskej únii.

Salvato in:
Dettagli Bibliografici
Natura: Capitolo di libro
Lingua:ceco
Soggetti:
Tags: Aggiungi Tag
Nessun Tag, puoi essere il primo ad aggiungerne!!

MARC

LEADER 00000naa a2200000 4500
001 r043872
005 20230927121304.3
041 0 |a cze 
044 |a CZ 
245 1 0 |a Litva 
520 |a Stručný prehľad geograficko-hospodárskych údajov o Litve. Priebeh vstupných rozhovorov s Európskou úniou. Priority Litvy pred členstvom v Európskej únii. 
610 2 0 |a Litva 
610 2 0 |a politika zahraničná 
610 2 0 |a Európska únia 
610 2 0 |a situácia hospodárska 
610 2 0 |a politika